| 000 | 00621nam a22002057a 4500 | ||
|---|---|---|---|
| 005 | 20170712110926.0 | ||
| 010 | _aENG-112983 | ||
| 020 |
_c100.00 _a9789380036717 |
||
| 020 |
_c100.00 _a938003671x |
||
| 035 | _aEN-96515 | ||
| 037 | _bDBAD/PUB | ||
| 082 | _a121 | ||
| 100 | _aSengupta, Kakali Ghosh | ||
| 245 |
_aConceptual scheme : _cby Kakali Ghosh Sengupta _btheories of Kant, Quine Davidson and Strawson / |
||
| 260 |
_aKolkata _bMitram _c2015 |
||
| 270 |
_bKolkata _e700073 _a37A, College Street, |
||
| 300 |
_a103p. _c24cm(Hb) |
||
| 500 | _aIncludes bibliographical references and index | ||
| 942 |
_2ddc _cEN _mSEN |
||
| 999 |
_c93557 _d93557 |
||